Actas y comunicaciones científicas del VII Congreso de la Sociedad Luso-Hispano-Americana de Anatomía (Record no. 46678)

MARC details
000 -LEADER
campo de control de longitud fija 00847nam a2200205 i 4500
001 - NÚMERO DE CONTROL
campo de control 46678
003 - IDENTIFICADOR DE NÚMERO DE CONTROL
campo de control ES-MaACL
005 - FECHA Y HORA DE LA ÚLTIMA TRANSACCIÓN
campo de control 20250707073849.0
007 - CAMPO FIJO DE DESCRIPCIÓN FÍSICA--INFORMACIÓN GENERAL
campo de control de longitud fija t|
008 - DATOS DE LONGITUD FIJA--INFORMACIÓN GENERAL
campo de control de longitud fija 030331s1955 sp ||||1| spa d
111 2# - ENTRADA PRINCIPAL--NOMBRE DE CONGRESO/REUNIÓN
Nombre de congreso/reunión o jurisdicción como elemento de entrada Congreso de la Sociedad Luso-Hispano-Americana de Anatomía (
Número del congreso/reunión o número de parte o sección 7º.
Fecha del congreso o de la firma del tratado 1953.
Sede del congreso/Lugar de la reunión Salamanca)
9 (RLIN) 320
245 10 - MENCIÓN DEL TÍTULO
Título Actas y comunicaciones científicas del VII Congreso de la Sociedad Luso-Hispano-Americana de Anatomía
Resto del título : Salamanca, 1953.
260 ## - PUBLICACIÓN, DISTRIBUCIÓN, ETC.
Lugar de publicación, distribución, etc. Salamanca :
Nombre del editor, distribuidor, etc. [Consejo Superior de Investigaciones Científicas],
Fecha de publicación, distribución, etc. 1955 (
Fabricante Jura)
300 ## - DESCRIPCIÓN FÍSICA
Extensión 2 v. ;
Dimensiones 24 cm.
490 1# - MENCIÓN DE SERIE
Mención de serie Acta Salmanticensia. Medicina ;
Designación de volumen o secuencia 3
710 2# - ENTRADA AGREGADA--NOMBRE DE ENTIDAD CORPORATIVA
Nombre de entidad corporativa o nombre de jurisdicción como elemento de entrada Consejo Superior de Investigaciones Científicas (España)
9 (RLIN) 3236
830 00 - PUNTO DE ACCESO ADICIONAL DE SERIE-TÍTULO UNIFORME
Título uniforme Acta Salmanticensia. Medicina
Designación de volumen o secuencia 3
9 (RLIN) 182112
852 ## - LOCALIZACIÓN
Ubicación ES-MaACL
Número de control de estantería C-11872-3
Sublocalización o colección R.39646
Holdings
Estatus retirado Estado de pérdida Estado de daño No para préstamo Biblioteca de origen Biblioteca actual Ubicación en estantería Fecha de adquisición Fuente de adquisición Total de préstamos Signatura topográfica completa Código de barras Visto por última vez Precio de reemplazo Tipo de ítem Koha
        Biblioteca del Ateneo de Madrid Biblioteca del Ateneo de Madrid Sala Palomar 17/01/2008     C-11872-3 1049095 23/02/2023 23/02/2023 Libro impreso